LEADER 01023nam0-22003011--450- 001 990008818790403321 005 20090305151102.0 035 $a000881879 035 $aFED01000881879 035 $a(Aleph)000881879FED01 035 $a000881879 100 $a20090305d1938----km-y0itay50------ba 101 0 $aita 102 $aIT 105 $ay-------001yy 200 1 $aLimiti all'inammissibilitą del ricorso contro i provvedimenti non impugnabili in sede di legittimitą$fNino Pappalardo 210 $aCitta di Castello$cTip. Unione arti grafiche$d1938 215 $a26 p.$d18 cm 300 $aGia pubbl. in: Il Foro amministrativo, 14(1938), fasc. 1/2 676 $a342$v11 rid.$zita 700 1$aPappalardo,$bNino$0403717 801 0$aIT$bUNINA$gRICA$2UNIMARC 901 $aBK 912 $a990008818790403321 952 $aBUSTA 12 (10) 21$b33873$fFGBC 959 $aFGBC 996 $aLimiti all'inammissibilitą del ricorso contro i provvedimenti non impugnabili in sede di legittimitą$9807235 997 $aUNINA LEADER 01178nam0-2200373li-450 001 990000256070203316 005 20180312154659.0 010 $a0-669-17342-8 035 $a0025607 035 $aUSA010025607 035 $a(ALEPH)000025607USA01 035 $a0025607 100 $a2001994041990-------y0itay0103----ba 101 0 $aeng 102 $aUS 200 1 $a<> introduction to formal languages and automata$fPeter Linz 210 $aLexington$cD. C. Heath and company$dcopyr. 1990 215 $aXVIII, 373 p.$cill.$d23 cm 610 1 $aLinguaggi formali 610 1 $aLinguaggi macchina 676 $a511.3$9Logica simbolica (Logica matematica) 700 1$aLinz,$bPeter$026157 801 $aSistema bibliotecario di Ateneo dell' Universitą di Salerno$gRICA 912 $a990000256070203316 951 $a511.3 LIN$b15847/CBS$c511.3$d00216483 959 $aBK 969 $aSCI 979 $c19940420 979 $c20001110$lUSA01$h1715 979 $c20020403$lUSA01$h1634 979 $aPATRY$b90$c20040406$lUSA01$h1618 979 $aRSIAV6$b90$c20090422$lUSA01$h1154 996 $aIntroduction to formal languages and automata$932592 997 $aUNISA LEADER 02001nlm--2200433---450 001 990003700650203316 005 20201218111053.0 010 $a978-1-4160-0089-1 035 $a000370065 035 $aUSA01000370065 035 $a(ALEPH)000370065USA01 035 $a000370065 100 $a20121018d2007----km-y0itay50------ba 101 $aeng 102 $aUS 105 $a||||||||001yy 135 $adrcnu-------- 200 1 $aSurgical management of obesity$f[edited by] Henry Buchwald, George S.M. Cowan Jr., Walter Pories 210 $aPhiladelphia$cHardbound/Elsevier$d2007 215 $aTesto elettronico (PDF) (XV, 471 p.)$cill. 230 $aBase dati testuale 330 $aLeaders in the field present today's most comprehensive coverage of bariatric surgery, one of the most promising current treatments for the growing global epidemic of overweight and obesity. This brand new resource begins with a through examination of the history, incidence, demography, etiology, biology, comorbidities, longevity, and social and economic implications of obesity. It then discusses pre-, peri-, and postoperative issues of importance before examining the evolution of bariatric procedures. Individual chapters present the best surgical approaches, their outcomes, and other considerations involved in this surgical approach 606 0 $aObesitą$xChirurgia$2BNCF 676 $a617.43 702 1$aBUCHWALD,$bHenry 702 1$aCOWAN,$bGeorge S.M. 702 1$aPORIES,$bWalter 801 0$aIT$bsalbc$gISBD 856 4 $uhttp://www.sciencedirect.com/science/book/9781416000891$zAccesso limitato alla rete di Ateneo$4. 912 $a990003700650203316 959 $aEB 969 $aER 969 $aMED 979 $aCHIARA$b90$c20121018$lUSA01$h1313 979 $aCHIARA$b90$c20121018$lUSA01$h1316 979 $aCHIARA$b90$c20121018$lUSA01$h1318 979 $aCHIARA$b90$c20121018$lUSA01$h1335 996 $aSurgical management of obesity$91141916 997 $aUNISA